000 00735nam a2200253 i 4500
001 C2-0221221
003 PPAK
005 20180728150835.0
008 991018s1998 my a|||| ||||| | eng d
020 _a9839600060
040 _aPPAK
_beng
_cPPAK
_erda
082 0 4 _a306.089992
_223
090 0 0 _a306.089992
_bYAH
_dKK
100 0 _aYahaya Isamail,
_eauthor
245 1 4 _aThe cultural heritage of Sabah
250 _aSharifah Rubiah Syed Mohamad
264 1 _aPetaling Jaya, Selangor :
_bDinamika Kreatif ,
_c1998
300 _a170 pages :
_billustrations, colour ;
_c29 cm
336 _2rdacontent
_atext
337 _2rdamedia
_aunmediated
338 _2rdacarrier
_avolume
650 1 0 _aCulture - Origin
942 _ddc
_cB
999 _c142888
_d142888